Library Banner

Molecular microbiology : (Record no. 91185)

MARC details
000 -LEADER
fixed length control field 00915cam a2200229 i 4500
001 - CONTROL NUMBER
control field 19027929
005 - DATE AND TIME OF LATEST TRANSACTION
control field 20170224110307.0
008 - FIXED-LENGTH DATA ELEMENTS--GENERAL INFORMATION
fixed length control field 160323t20162016dcua b 001 0 eng c
020 ## - INTERNATIONAL STANDARD BOOK NUMBER
International Standard Book Number 9781555819088
020 ## - INTERNATIONAL STANDARD BOOK NUMBER
International Standard Book Number 1555819087
040 ## - CATALOGING SOURCE
Transcribing agency PK-LaUMT
082 00 - DEWEY DECIMAL CLASSIFICATION NUMBER
Classification number 616.9041
Edition number 23
Item number MOL-
245 00 - TITLE STATEMENT
Title Molecular microbiology :
Remainder of title diagnostic principles and practice /
Statement of responsibility, etc editors in chief: David H. Persing, Cepheid Corporation, Sunnyvale, California, Fred C. Tenover, Cepheid Corporation, Sunnyvale, California ; editors: Randall T. Hayden, St. Jude's Children's Research Hospital, Memphis, Tennessee, [and five others].
250 ## - EDITION STATEMENT
Edition statement 3rd ed.
260 ## - PUBLICATION, DISTRIBUTION, ETC. (IMPRINT)
Place of publication, distribution, etc Washington :
Name of publisher, distributor, etc ASM Press,
Date of publication, distribution, etc 2016
300 ## - PHYSICAL DESCRIPTION
Extent xv, 835 p. :
Other physical details illustrations (some color) ;
Dimensions 29 cm
650 #0 - SUBJECT ADDED ENTRY--TOPICAL TERM
Topical term or geographic name as entry element Diagnostic microbiology.
650 #0 - SUBJECT ADDED ENTRY--TOPICAL TERM
Topical term or geographic name as entry element Molecular microbiology.
650 #0 - SUBJECT ADDED ENTRY--TOPICAL TERM
Topical term or geographic name as entry element Molecular diagnosis.
700 1# - ADDED ENTRY--PERSONAL NAME
Personal name Persing, David H.,
942 ## - ADDED ENTRY ELEMENTS (KOHA)
Koha item type Books
Holdings
Withdrawn status Lost status Damaged status Home library Current library Date acquired Full call number Barcode Date last seen Price effective from Koha item type Copy number
      UMT Main Campus UMT Main Campus 2017-02-24 616.9041 MOL- 105752 2018-01-03 2017-02-24 Books  
      UMT Main Campus UMT Main Campus 2017-03-10 616.9041 MOL- 106328 2017-03-10 2017-03-10 Books C-2